00608 2200205 4500001002100000005001500021035002000036245008700056100002700143250001400170300004200184260003400226082001000260084001600270020001900286650002500305650003300330500001900363990002000382INLIS00000000000373220230117010604 a0010-01230002591 aAnti Narkoba Untuk Remaja :bBuku Pengayaan Pembelajaran /cDyah Utami Puspitasini0 aDyah Utami Puspitasini aCet. 1,-- avi + 87 hlm. :bilus. ;c14,5 x 21 cm aJakarta. :bErlangga.,c2017. a613.8 a613.8 DYA a a978602684722-5 aEditor, Alwi Kosasih aIlustrasi, Satrio A. Budiman aDaftar pustaka a15557/P/Bl/2022